000 00407nam a22001577a 4500
003 SGT
082 _a611
_bB24G
100 _aGARG, KRISHNA,ed,
245 _aB D CHAURASIA'S HUMAN ANATOMY
_bBRAIN- NEUROANATOMY
250 _a10TH
260 _aNEW DELHI
_bCBS PUB.
_c2024
300 _a199
650 _aHUMAN ANATOMY
653 _aB D CHAURASIA'S, HUMAN , ANATOMY , BRAIN, NEUROANATOMY
942 _2ddc
_cBK
999 _c29196
_d29196